| 000 | 00357nam a2200145Ia 4500 | ||
|---|---|---|---|
| 008 | 230917s9999||||xx |||||||||||||| ||und|| | ||
| 040 |
_e140586 _aMAIN |
||
| 041 | _aEnglish | ||
| 082 | _a954.01 K128N | ||
| 100 | _aKamandaki | ||
| 245 | 0 | _aNitisara or the elemetns of polity | |
| 260 |
_aCalcutta _bAsiatic Society _c1984 |
||
| 300 | _a468 p. | ||
| 942 | _cBK | ||
| 999 |
_c43676 _d43676 |
||